[Event "ODJM C 2024"]
[Site "Willingen GER"]
[Date "2024.05.21"]
[Round "4"]
[White "Lang, Samuel"]
[Black "Finck, Julius"]
[Result "1-0"]
[Termination "normal"]
[Board "8"]
[WhiteElo "1268"]
[BlackElo "1579"]
[WhiteClock "01:17:21"]
[BlackClock "00:45:35"]
[PlyCount "55"]
[WhiteFideId "34660526"]
[BlackFideId "34660429"]
[EventCountry "GER"]
[EventRounds "9"]
[EventType "swiss"]
[EventDate "2024.05.18"]

1. d4 {[%clk 01:30:55]} {[%emt 00:00:04]} d5 {[%clk 01:30:46]} {[%emt
00:00:14]} 2. c4 {[%clk 01:31:18]} {[%emt 00:00:08]} e6 {[%clk 01:30:54]}
{[%emt 00:00:22]} 3. Nc3 {[%clk 01:31:32]} {[%emt 00:00:16]} Be7 {[%clk
01:30:56]} {[%emt 00:00:27]} 4. Nf3 {[%clk 01:31:30]} {[%emt 00:00:33]} Nf6
{[%clk 01:30:53]} {[%emt 00:00:32]} 5. Bg5 {[%clk 01:31:40]} {[%emt 00:00:21]}
h6 {[%clk 01:28:20]} {[%emt 00:03:02]} 6. Bh4 {[%clk 01:30:51]} {[%emt
00:01:19]} O-O {[%clk 01:25:07]} {[%emt 00:01:07]} 7. e3 {[%clk 01:31:19]}
{[%emt 00:02:38]} c6 {[%clk 01:25:10]} {[%emt 00:00:28]} 8. c5 {[%clk
01:30:32]} {[%emt 00:01:17]} b6 {[%clk 01:23:21]} {[%emt 00:02:19]} 9. b4
{[%clk 01:29:46]} {[%emt 00:01:16]} Nbd7 {[%clk 01:19:03]} {[%emt 00:04:47]}
10. Bd3 {[%clk 01:29:06]} {[%emt 00:01:10]} a5 {[%clk 01:17:00]} {[%emt
00:02:33]} 11. a3 {[%clk 01:28:08]} {[%emt 00:01:29]} Ba6 {[%clk 01:13:44]}
{[%emt 00:03:45]} 12. O-O {[%clk 01:26:57]} {[%emt 00:01:41]} Ne4 {[%clk
01:13:27]} {[%emt 00:00:45]} 13. Nxe4 {[%clk 01:23:59]} {[%emt 00:03:30]} Bxd3
{[%clk 01:10:20]} {[%emt 00:03:37]} 14. Qxd3 {[%clk 01:24:05]} {[%emt
00:00:24]} dxe4 {[%clk 01:09:23]} {[%emt 00:01:28]} 15. Qxe4 {[%clk 01:24:20]}
{[%emt 00:00:14]} Bxh4 {[%clk 01:06:21]} {[%emt 00:03:32]} 16. Nxh4 {[%clk
01:24:15]} {[%emt 00:00:36]} a4 {[%clk 01:04:04]} {[%emt 00:02:47]} 17. Nf3
{[%clk 01:24:27]} {[%emt 00:00:18]} Qc7 {[%clk 01:01:43]} {[%emt 00:02:45]} 18.
cxb6 {[%clk 01:22:21]} {[%emt 00:02:41]} Nxb6 {[%clk 01:01:07]} {[%emt
00:01:05]} 19. Rfc1 {[%clk 01:22:34]} {[%emt 00:00:18]} Rac8 {[%clk 01:00:13]}
{[%emt 00:01:24]} 20. Ne5 {[%clk 01:21:58]} {[%emt 00:01:06]} Nd5 {[%clk
00:59:53]} {[%emt 00:00:50]} 21. Qc2 {[%clk 01:21:40]} {[%emt 00:00:47]} Ne7
{[%clk 00:59:35]} {[%emt 00:00:48]} 22. Qxa4 {[%clk 01:20:53]} {[%emt
00:01:18]} f6 {[%clk 00:58:23]} {[%emt 00:01:42]} 23. Nd3 {[%clk 01:19:25]}
{[%emt 00:01:58]} Qb6 {[%clk 00:55:55]} {[%emt 00:02:56]} 24. Nc5 {[%clk
01:18:49]} {[%emt 00:01:08]} Ra8 {[%clk 00:53:18]} {[%emt 00:03:01]} 25. Qb3
{[%clk 01:18:40]} {[%emt 00:00:43]} Ra7 {[%clk 00:50:40]} {[%emt 00:03:05]} 26.
Qxe6+ {[%clk 01:18:11]} {[%emt 00:01:04]} Rf7 {[%clk 00:50:19]} {[%emt
00:00:50]} 27. Ne4 {[%clk 01:17:09]} {[%emt 00:01:33]} Nd5 {[%clk 00:45:35]}
{[%emt 00:05:13]} 28. Rxc6 {[%clk 01:17:21]} {[%emt 00:00:19]} 1-0

[Event "ODJM C 2024"]
[Site "Willingen GER"]
[Date "2024.05.21"]
[Round "4"]
[White "Weidenhöfer, Ben"]
[Black "Trenkelbach, Silas"]
[Result "0-1"]
[Termination "normal"]
[Board "9"]
[WhiteElo "1554"]
[BlackElo "1265"]
[WhiteClock "00:20:05"]
[BlackClock "00:08:11"]
[PlyCount "82"]
[WhiteFideId "16273702"]
[BlackFideId "34621237"]
[EventCountry "GER"]
[EventRounds "9"]
[EventType "swiss"]
[EventDate "2024.05.18"]

1. d4 {[%clk 01:30:58]} d5 {[%clk 01:30:53]} {[%emt 00:00:08]} 2. Bg5 {[%clk
01:31:21]} {[%emt 00:00:08]} f6 {[%clk 01:30:59]} {[%emt 00:00:23]} 3. Bh4
{[%clk 01:31:19]} {[%emt 00:00:32]} Nc6 {[%clk 01:30:12]} {[%emt 00:01:18]} 4.
e3 {[%clk 01:30:43]} {[%emt 00:01:05]} g5 {[%clk 01:26:13]} {[%emt 00:04:28]}
5. Bg3 {[%clk 01:30:55]} {[%emt 00:00:19]} h5 {[%clk 01:25:39]} {[%emt
00:01:04]} 6. h3 {[%clk 01:29:58]} {[%emt 00:01:27]} e5 {[%clk 01:13:25]}
{[%emt 00:12:44]} 7. Nf3 {[%clk 01:29:19]} {[%emt 00:01:10]} e4 {[%clk
01:09:27]} {[%emt 00:04:28]} 8. Nfd2 {[%clk 01:28:56]} {[%emt 00:00:52]} Bd6
{[%clk 01:05:00]} {[%emt 00:04:58]} 9. Bxd6 {[%clk 01:28:39]} {[%emt 00:00:46]}
Qxd6 {[%clk 01:05:24]} {[%emt 00:00:07]} 10. Be2 {[%clk 01:28:16]} {[%emt
00:00:52]} Qb4 {[%clk 00:59:59]} {[%emt 00:05:55]} 11. Bxh5+ {[%clk 01:24:37]}
{[%emt 00:04:08]} Ke7 {[%clk 01:00:08]} {[%emt 00:00:19]} 12. b3 {[%clk
01:23:24]} {[%emt 00:01:47]} a5 {[%clk 00:56:57]} {[%emt 00:03:40]} 13. a3
{[%clk 01:19:25]} {[%emt 00:04:29]} Qb5 {[%clk 00:50:45]} {[%emt 00:06:42]} 14.
Nc3 {[%clk 01:18:16]} {[%emt 00:01:39]} Qa6 {[%clk 00:50:46]} {[%emt 00:00:29]}
15. Nxd5+ {[%clk 01:18:25]} {[%emt 00:00:21]} Kd8 {[%clk 00:48:41]} {[%emt
00:02:35]} 16. Nxe4 {[%clk 01:17:43]} {[%emt 00:01:12]} Nce7 {[%clk 00:44:28]}
{[%emt 00:04:43]} 17. Nec3 {[%clk 01:08:12]} {[%emt 00:10:01]} Qc6 {[%clk
00:43:21]} {[%emt 00:01:37]} 18. Bf3 {[%clk 01:07:59]} {[%emt 00:00:43]} Be6
{[%clk 00:39:44]} {[%emt 00:04:06]} 19. e4 {[%clk 01:04:17]} {[%emt 00:04:13]}
f5 {[%clk 00:37:25]} {[%emt 00:02:49]} 20. Qd3 {[%clk 01:01:48]} {[%emt
00:02:59]} fxe4 {[%clk 00:33:46]} {[%emt 00:04:09]} 21. Nxe7 {[%clk 00:56:49]}
{[%emt 00:05:29]} Nxe7 {[%clk 00:31:53]} {[%emt 00:02:23]} 22. Bxe4 {[%clk
00:56:54]} {[%emt 00:00:25]} Bd5 {[%clk 00:29:59]} {[%emt 00:02:25]} 23. Nxd5
{[%clk 00:56:45]} {[%emt 00:00:38]} Nxd5 {[%clk 00:29:53]} {[%emt 00:00:36]}
24. c4 {[%clk 00:56:38]} {[%emt 00:00:38]} Nf4 {[%clk 00:30:00]} {[%emt
00:00:23]} 25. Qf3 {[%clk 00:55:33]} {[%emt 00:01:34]} Re8 {[%clk 00:28:50]}
{[%emt 00:01:38]} 26. d5 {[%clk 00:55:32]} {[%emt 00:00:32]} Qf6 {[%clk
00:29:03]} {[%emt 00:00:16]} 27. O-O {[%clk 00:55:25]} {[%emt 00:00:39]} Ra6
{[%clk 00:24:12]} {[%emt 00:05:21]} 28. Kh2 {[%clk 00:52:54]} {[%emt 00:03:01]}
Rh8 {[%clk 00:22:17]} {[%emt 00:02:22]} 29. Rfc1 {[%clk 00:46:34]} {[%emt
00:06:53]} Qe5 {[%clk 00:20:12]} {[%emt 00:02:34]} 30. Qc3 {[%clk 00:45:29]}
{[%emt 00:01:35]} Qe8 {[%clk 00:15:57]} {[%emt 00:04:46]} 31. Bf5 {[%clk
00:41:39]} {[%emt 00:04:19]} Ne2 {[%clk 00:14:56]} {[%emt 00:01:32]} 32. Bd7
{[%clk 00:31:42]} {[%emt 00:10:27]} Kxd7 {[%clk 00:14:03]} {[%emt 00:01:22]}
33. Qg7+ {[%clk 00:31:55]} {[%emt 00:00:17]} Kc8 {[%clk 00:13:23]} {[%emt
00:01:10]} 34. Re1 {[%clk 00:30:56]} {[%emt 00:01:29]} Rg6 {[%clk 00:11:58]}
{[%emt 00:01:55]} 35. Qb2 {[%clk 00:30:09]} {[%emt 00:01:17]} g4 {[%clk
00:10:00]} {[%emt 00:02:28]} 36. Qxe2 {[%clk 00:28:18]} {[%emt 00:02:21]} Qd7
{[%clk 00:10:00]} {[%emt 00:00:31]} 37. Qd3 {[%clk 00:27:31]} {[%emt 00:01:16]}
Qd6+ {[%clk 00:08:57]} {[%emt 00:01:33]} 38. Qg3 {[%clk 00:25:50]} {[%emt
00:02:11]} gxh3 {[%clk 00:08:32]} {[%emt 00:00:56]} 39. Re8+ {[%clk 00:20:14]}
{[%emt 00:06:05]} Rxe8 {[%clk 00:08:37]} {[%emt 00:00:25]} 40. Qxd6 {[%clk
00:20:07]} {[%emt 00:00:37]} cxd6 {[%clk 00:08:58]} {[%emt 00:00:08]} 41. Kxh3
{[%clk 00:20:05]} {[%emt 00:00:32]} Rh8# {[%clk 00:08:11]} {[%emt 00:00:24]}
0-1

[Event "ODJM C 2024"]
[Site "Willingen GER"]
[Date "2024.05.21"]
[Round "4"]
[White "Moissl, Julian"]
[Black "Luible, Sebastian"]
[Result "0-1"]
[Termination "normal"]
[Board "10"]
[WhiteElo "1560"]
[BlackElo "1181"]
[WhiteClock "00:49:14"]
[BlackClock "00:53:33"]
[PlyCount "82"]
[WhiteFideId "16295129"]
[BlackFideId "533001944"]
[EventCountry "GER"]
[EventRounds "9"]
[EventType "swiss"]
[EventDate "2024.05.18"]

1. d4 {[%clk 01:30:58]} {[%emt 00:00:01]} d5 {[%clk 01:30:54]} {[%emt
00:00:07]} 2. c4 {[%clk 01:31:26]} {[%emt 00:00:02]} e6 {[%clk 01:31:12]}
{[%emt 00:00:12]} 3. Nf3 {[%clk 01:31:37]} {[%emt 00:00:19]} Nf6 {[%clk
01:31:04]} {[%emt 00:00:37]} 4. Bg5 {[%clk 01:31:54]} {[%emt 00:00:13]} Be7
{[%clk 01:31:21]} {[%emt 00:00:12]} 5. Nc3 {[%clk 01:31:56]} {[%emt 00:00:29]}
O-O {[%clk 01:31:22]} {[%emt 00:00:29]} 6. e3 {[%clk 01:32:12]} {[%emt
00:00:13]} Nbd7 {[%clk 01:31:10]} {[%emt 00:00:43]} 7. Bd3 {[%clk 01:32:18]}
{[%emt 00:00:24]} h6 {[%clk 01:30:35]} {[%emt 00:01:06]} 8. Bh4 {[%clk
01:32:18]} {[%emt 00:00:29]} c5 {[%clk 01:30:14]} {[%emt 00:00:51]} 9. cxd5
{[%clk 01:30:39]} {[%emt 00:02:09]} Nxd5 {[%clk 01:29:58]} {[%emt 00:00:47]}
10. Bxe7 {[%clk 01:28:03]} {[%emt 00:03:06]} Qxe7 {[%clk 01:30:02]} {[%emt
00:00:26]} 11. Qc2 {[%clk 01:26:39]} {[%emt 00:01:53]} Nb4 {[%clk 01:27:28]}
{[%emt 00:03:04]} 12. Qd2 {[%clk 01:25:25]} {[%emt 00:01:44]} cxd4 {[%clk
01:27:17]} {[%emt 00:00:41]} 13. Nxd4 {[%clk 01:24:13]} {[%emt 00:01:42]} Nxd3+
{[%clk 01:24:47]} {[%emt 00:03:00]} 14. Qxd3 {[%clk 01:24:36]} {[%emt
00:00:07]} Qd6 {[%clk 01:23:26]} {[%emt 00:01:52]} 15. O-O {[%clk 01:22:13]}
{[%emt 00:02:52]} e5 {[%clk 01:20:16]} {[%emt 00:03:40]} 16. Ncb5 {[%clk
01:20:44]} {[%emt 00:01:59]} Nc5 {[%clk 01:15:22]} {[%emt 00:05:25]} 17. Qa3
{[%clk 01:15:06]} {[%emt 00:06:08]} Qb6 {[%clk 01:14:29]} {[%emt 00:01:22]} 18.
Nb3 {[%clk 01:10:10]} {[%emt 00:05:26]} Nxb3 {[%clk 01:10:17]} {[%emt
00:04:43]} 19. Qxb3 {[%clk 01:10:31]} {[%emt 00:00:08]} Be6 {[%clk 01:09:18]}
{[%emt 00:01:28]} 20. Qd3 {[%clk 01:05:57]} {[%emt 00:05:05]} Rfd8 {[%clk
01:06:24]} {[%emt 00:03:24]} 21. Qe2 {[%clk 01:06:08]} {[%emt 00:00:19]} Rac8
{[%clk 01:05:52]} {[%emt 00:01:02]} 22. b3 {[%clk 01:03:54]} {[%emt 00:02:45]}
a6 {[%clk 01:04:32]} {[%emt 00:01:49]} 23. Na3 {[%clk 01:04:15]} {[%emt
00:00:09]} Qc5 {[%clk 01:04:22]} {[%emt 00:00:39]} 24. Nb1 {[%clk 01:02:34]}
{[%emt 00:02:12]} Bd7 {[%clk 01:03:50]} {[%emt 00:01:03]} 25. Qb2 {[%clk
01:01:09]} {[%emt 00:01:54]} Bb5 {[%clk 01:02:56]} {[%emt 00:01:24]} 26. Re1
{[%clk 01:01:20]} {[%emt 00:00:19]} f6 {[%clk 00:59:21]} {[%emt 00:04:05]} 27.
Nd2 {[%clk 01:00:38]} {[%emt 00:01:12]} Qc2 {[%clk 00:58:53]} {[%emt 00:00:59]}
28. Qxc2 {[%clk 00:59:44]} {[%emt 00:01:23]} Rxc2 {[%emt 00:00:12]} 29. Ne4
{[%clk 00:55:17]} {[%emt 00:04:56]} Bc6 {[%clk 00:58:57]} {[%emt 00:00:45]} 30.
Ng3 {[%clk 00:55:26]} {[%emt 00:00:21]} Rdd2 {[%clk 00:58:33]} {[%emt
00:00:54]} 31. Nh1 {[%clk 00:52:55]} {[%emt 00:03:01]} Rxa2 {[%clk 00:58:16]}
{[%emt 00:00:47]} 32. Rxa2 {[%clk 00:53:22]} {[%emt 00:00:04]} Rxa2 {[%clk
00:58:36]} {[%emt 00:00:10]} 33. Rc1 {[%clk 00:53:09]} {[%emt 00:00:42]} Rb2
{[%clk 00:58:25]} {[%emt 00:00:41]} 34. f3 {[%clk 00:52:32]} {[%emt 00:01:07]}
Rxb3 {[%clk 00:58:05]} {[%emt 00:00:50]} 35. e4 {[%clk 00:52:43]} {[%emt
00:00:18]} a5 {[%clk 00:58:16]} {[%emt 00:00:21]} 36. Nf2 {[%clk 00:51:17]}
{[%emt 00:01:55]} a4 {[%clk 00:58:26]} {[%emt 00:00:20]} 37. Nd1 {[%clk
00:51:12]} {[%emt 00:00:35]} a3 {[%clk 00:58:29]} {[%emt 00:00:28]} 38. Nc3
{[%clk 00:51:19]} {[%emt 00:00:22]} b5 {[%clk 00:57:02]} {[%emt 00:01:55]} 39.
Na2 {[%clk 00:50:23]} {[%emt 00:01:27]} Be8 {[%clk 00:56:21]} {[%emt 00:01:09]}
40. Rc8 {[%clk 00:49:40]} {[%emt 00:01:16]} Kf8 {[%clk 00:55:43]} {[%emt
00:01:08]} 41. Kf1 {[%clk 00:49:14]} {[%emt 00:00:56]} Rb2 {[%clk 00:53:33]}
{[%emt 00:02:40]} 0-1

[Event "ODJM C 2024"]
[Site "Willingen GER"]
[Date "2024.05.21"]
[Round "4"]
[White "Schmidt, Emelie"]
[Black "Moissl, Felix"]
[Result "1/2-1/2"]
[Termination "normal"]
[Board "11"]
[WhiteElo "1171"]
[BlackElo "1600"]
[WhiteClock "00:39:49"]
[BlackClock "00:40:30"]
[PlyCount "42"]
[WhiteFideId "34682490"]
[BlackFideId "34623574"]
[EventCountry "GER"]
[EventRounds "9"]
[EventType "swiss"]
[EventDate "2024.05.18"]

1. d4 {[%clk 01:30:58]} {[%emt 00:00:01]} d5 {[%clk 01:30:53]} {[%emt
00:00:07]} 2. Nf3 {[%clk 01:31:22]} {[%emt 00:00:06]} Bf5 {[%clk 01:30:59]}
{[%emt 00:00:24]} 3. Bf4 {[%clk 01:31:39]} {[%emt 00:00:13]} e6 {[%clk
01:31:03]} {[%emt 00:00:26]} 4. e3 {[%clk 01:31:48]} {[%emt 00:00:21]} Nf6
{[%clk 01:31:08]} {[%emt 00:00:25]} 5. Nbd2 {[%clk 01:31:26]} {[%emt 00:00:53]}
Nbd7 {[%clk 01:29:20]} {[%emt 00:02:18]} 6. Be2 {[%clk 01:30:16]} {[%emt
00:01:39]} Be7 {[%clk 01:28:32]} {[%emt 00:01:18]} 7. O-O {[%clk 01:28:21]}
{[%emt 00:02:25]} O-O {[%clk 01:26:34]} {[%emt 00:02:28]} 8. c4 {[%clk
01:19:49]} {[%emt 00:09:03]} c6 {[%clk 01:23:32]} {[%emt 00:03:32]} 9. h3
{[%clk 01:15:38]} {[%emt 00:04:40]} Ne4 {[%clk 01:20:19]} {[%emt 00:03:43]} 10.
Rc1 {[%clk 01:08:21]} {[%emt 00:07:47]} Ndf6 {[%clk 01:08:36]} {[%emt
00:12:14]} 11. Ne5 {[%clk 01:00:50]} {[%emt 00:08:01]} Nxd2 {[%clk 01:01:16]}
{[%emt 00:07:50]} 12. Qxd2 {[%clk 01:00:33]} {[%emt 00:00:46]} Ne4 {[%clk
00:59:06]} {[%emt 00:02:40]} 13. Qd1 {[%clk 00:59:54]} {[%emt 00:01:09]} f6
{[%clk 00:54:39]} {[%emt 00:04:56]} 14. Nd3 {[%clk 00:52:49]} {[%emt 00:07:36]}
Bd6 {[%clk 00:51:04]} {[%emt 00:04:05]} 15. Bxd6 {[%clk 00:51:20]} {[%emt
00:02:00]} Qxd6 {[%clk 00:49:02]} {[%emt 00:02:31]} 16. c5 {[%clk 00:45:26]}
{[%emt 00:06:25]} Qc7 {[%clk 00:47:47]} {[%emt 00:01:44]} 17. Bg4 {[%clk
00:42:54]} {[%emt 00:03:03]} g6 {[%clk 00:44:53]} {[%emt 00:03:25]} 18. Bxf5
{[%clk 00:41:35]} {[%emt 00:01:48]} gxf5 {[%clk 00:44:48]} {[%emt 00:00:35]}
19. f4 {[%clk 00:40:43]} {[%emt 00:01:22]} Qg7 {[%clk 00:43:27]} {[%emt
00:01:51]} 20. Rf3 {[%clk 00:40:19]} {[%emt 00:00:53]} Kh8 {[%clk 00:42:23]}
{[%emt 00:01:35]} 21. Rc2 {[%clk 00:39:49]} {[%emt 00:01:00]} Rg8 {[%clk
00:40:30]} {[%emt 00:02:23]} 1/2-1/2

[Event "ODJM C 2024"]
[Site "Willingen GER"]
[Date "2024.05.21"]
[Round "4"]
[White "Stopp, Bruno"]
[Black "Racky, Benedikt"]
[Result "1-0"]
[Termination "normal"]
[Board "12"]
[WhiteElo "1249"]
[BlackElo "1180"]
[WhiteClock "01:01:26"]
[BlackClock "01:06:05"]
[PlyCount "89"]
[WhiteFideId "34640347"]
[BlackFideId "16239458"]
[EventCountry "GER"]
[EventRounds "9"]
[EventType "swiss"]
[EventDate "2024.05.18"]

1. e4 {[%clk 01:30:55]} {[%emt 00:00:03]} c6 {[%clk 01:30:57]} {[%emt
00:00:04]} 2. d4 {[%clk 01:31:05]} {[%emt 00:00:19]} d5 {[%clk 01:31:24]}
{[%emt 00:00:05]} 3. Nd2 {[%clk 01:30:35]} {[%emt 00:00:55]} dxe4 {[%clk
01:31:27]} {[%emt 00:00:31]} 4. Nxe4 {[%clk 01:30:51]} {[%emt 00:00:14]} Bf5
{[%clk 01:31:54]} {[%emt 00:00:03]} 5. Bd3 {[%clk 01:30:26]} {[%emt 00:00:54]}
Bxe4 {[%clk 01:32:00]} {[%emt 00:00:26]} 6. Bxe4 {[%clk 01:29:38]} {[%emt
00:01:17]} Nf6 {[%clk 01:32:24]} {[%emt 00:00:06]} 7. Qd3 {[%clk 01:27:07]}
{[%emt 00:03:00]} e6 {[%clk 01:32:19]} {[%emt 00:00:36]} 8. Bg5 {[%clk
01:25:58]} {[%emt 00:01:38]} Nbd7 {[%clk 01:32:31]} {[%emt 00:00:20]} 9. O-O-O
{[%clk 01:24:47]} {[%emt 00:01:39]} Be7 {[%clk 01:32:40]} {[%emt 00:00:23]} 10.
Bf4 {[%clk 01:24:31]} {[%emt 00:00:40]} c5 {[%clk 01:31:00]} {[%emt 00:02:15]}
11. Bxb7 {[%clk 01:24:00]} {[%emt 00:01:01]} Rb8 {[%clk 01:31:25]} {[%emt
00:00:05]} 12. Bxb8 {[%clk 01:24:13]} {[%emt 00:00:17]} Qxb8 {[%clk 01:31:26]}
{[%emt 00:00:29]} 13. Bc6 {[%clk 01:23:54]} {[%emt 00:00:25]} O-O {[%clk
01:31:26]} {[%emt 00:00:54]} 14. Qb5 {[%clk 01:20:47]} {[%emt 00:03:32]} Qxb5
{[%clk 01:25:46]} {[%emt 00:06:15]} 15. Bxb5 {[%clk 01:20:54]} {[%emt
00:00:23]} Rb8 {[%clk 01:23:55]} {[%emt 00:02:21]} 16. Ba4 {[%clk 01:19:33]}
{[%emt 00:01:50]} Nb6 {[%clk 01:23:20]} {[%emt 00:01:06]} 17. Bc6 {[%clk
01:19:18]} {[%emt 00:00:43]} Nfd5 {[%clk 01:22:28]} {[%emt 00:01:24]} 18. Bxd5
{[%clk 01:19:00]} {[%emt 00:00:48]} Nxd5 {[%clk 01:22:45]} {[%emt 00:00:13]}
19. Nf3 {[%clk 01:18:46]} {[%emt 00:00:45]} Nf4 {[%clk 01:21:25]} {[%emt
00:01:49]} 20. g3 {[%clk 01:17:32]} {[%emt 00:01:44]} Nd5 {[%clk 01:19:01]}
{[%emt 00:02:55]} 21. c4 {[%clk 01:13:30]} {[%emt 00:04:32]} Nb6 {[%clk
01:16:53]} {[%emt 00:02:38]} 22. Ne5 {[%clk 01:12:19]} {[%emt 00:01:36]} cxd4
{[%clk 01:14:51]} {[%emt 00:02:36]} 23. Nc6 {[%clk 01:11:57]} {[%emt 00:00:52]}
Bg5+ {[%clk 01:13:11]} {[%emt 00:02:10]} 24. f4 {[%clk 01:12:04]} {[%emt
00:00:23]} Rc8 {[%clk 01:13:31]} {[%emt 00:00:09]} 25. fxg5 {[%clk 01:10:30]}
{[%emt 00:02:06]} Rxc6 {[%clk 01:13:53]} {[%emt 00:00:07]} 26. Rxd4 {[%clk
01:10:43]} {[%emt 00:00:16]} g6 {[%clk 01:14:05]} {[%emt 00:00:19]} 27. b3
{[%clk 01:10:44]} {[%emt 00:00:29]} Nd5 {[%clk 01:13:33]} {[%emt 00:01:03]} 28.
Kd2 {[%clk 01:10:03]} {[%emt 00:01:03]} Ne7 {[%clk 01:12:52]} {[%emt 00:01:18]}
29. Rd8+ {[%clk 01:08:22]} {[%emt 00:02:07]} Kg7 {[%clk 01:13:04]} {[%emt
00:00:22]} 30. Rd7 {[%clk 01:08:38]} {[%emt 00:00:11]} Nf5 {[%clk 01:13:18]}
{[%emt 00:00:19]} 31. Rxa7 {[%clk 01:07:30]} {[%emt 00:01:38]} Rd6+ {[%clk
01:13:43]} {[%emt 00:00:05]} 32. Kc3 {[%clk 01:07:29]} {[%emt 00:00:29]} Rd4
{[%clk 01:11:08]} {[%emt 00:03:07]} 33. c5 {[%clk 01:06:46]} {[%emt 00:01:14]}
e5 {[%clk 01:11:12]} {[%emt 00:00:25]} 34. c6 {[%clk 01:06:55]} {[%emt
00:00:21]} Nd6 {[%clk 01:11:32]} {[%emt 00:00:10]} 35. a4 {[%clk 01:06:42]}
{[%emt 00:00:43]} Rd5 {[%clk 01:09:08]} {[%emt 00:02:54]} 36. Kb4 {[%clk
01:05:56]} {[%emt 00:01:05]} Rd4+ {[%clk 01:09:20]} {[%emt 00:00:29]} 37. Kc5
{[%clk 01:05:11]} {[%emt 00:01:15]} Ne4+ {[%clk 01:09:07]} {[%emt 00:00:44]}
38. Kb6 {[%clk 01:04:35]} {[%emt 00:00:59]} Rb4+ {[%clk 01:08:56]} {[%emt
00:00:46]} 39. Ka5 {[%clk 01:04:26]} {[%emt 00:00:39]} Rxb3 {[%clk 01:09:00]}
{[%emt 00:00:28]} 40. Rc1 {[%clk 01:03:10]} {[%emt 00:01:44]} Nd6 {[%clk
01:08:22]} {[%emt 00:01:10]} 41. c7 {[%clk 01:02:33]} {[%emt 00:01:06]} e4
{[%clk 01:06:42]} {[%emt 00:02:10]} 42. c8=Q {[%clk 01:01:32]} {[%emt
00:01:29]} Nxc8 {[%clk 01:06:41]} {[%emt 00:00:34]} 43. Rxc8 {[%clk 01:01:01]}
{[%emt 00:01:00]} e3 {[%clk 01:06:31]} {[%emt 00:00:40]} 44. Raa8 {[%clk
01:01:12]} {[%emt 00:00:19]} f5 {[%clk 01:06:05]} {[%emt 00:00:56]} 45. Rc7#
{[%clk 01:01:26]} {[%emt 00:00:15]} 1-0